000 01085nam a22002417a 4500
005 20080707102548.0
008 080707t xxu||||| |||| 00| 0 hin d
010 _aHIN-83747
020 _c120.00
035 _aHN-56093
037 _bDBAD / PUB
040 _aDPL
_bHN
082 _a158.1
100 _aदुबे, सतीश
245 _aसफलता के अठारह कदम /
_cसतीश दुबे
246 _aSafalata ke atharah kadam
_bby Sateesh Dube
260 _aदेवास
_bगुंजल पब्लिकेशन्स
_c2006
270 _a7, सदाशिव नगर, मोती बंगला
_bदेवास
300 _a144पृ
_c22सेमी(सजिल्द)
_bसचित्र
650 _aPersonality Development
942 _2ddc
_cHN
_h158.1
_mदुबेस
999 _c14235
_d14235